La posesión, el usufructo y la prenda de derechos.
Uloženo v:
| Hlavní autor: | |
|---|---|
| Médium: | Kniha |
| Jazyk: | španělština |
| Vydáno: |
Barcelona, España:
José María Bosch,
1992.
|
| Témata: | |
| Tagy: |
Přidat tag
Žádné tagy, Buďte první, kdo vytvoří štítek k tomuto záznamu!
|
MARC
| LEADER | 00000cam a2200000 a 4500 | ||
|---|---|---|---|
| 001 | UCE9278 | ||
| 003 | CL-VaPUC | ||
| 005 | 20220822114409.0 | ||
| 008 | 151016e19920000sp |||||||||||||||||spa|d | ||
| 999 | |c 360947 |d 360945 | ||
| 020 | |a 84-7698-212-7 | ||
| 040 | |c Pontificia Universidad Católica de Valparaíso | ||
| 082 | 0 | 4 | |a 346.04 CAN 1992 |2 21 |
| 100 | 0 | |a Cano Martínez de Velasco, José Ignacio |e autor |9 582076 | |
| 245 | 1 | 3 | |a La posesión, el usufructo y la prenda de derechos. |
| 260 | |a Barcelona, España: |b José María Bosch, |c 1992. | ||
| 300 | |a 135 páginas. | ||
| 500 | |a c.2 Donación Familia Prof. Alejandro Guzmán Brito. | ||
| 583 | |a last modification |c 20151016 11:49:00 |k Rodrigo Vera | ||
| 650 | 0 | |a Bienes |9 255749 | |
| 650 | 0 | |a Usufructo |9 256763 | |
| 650 | 0 | |a Propiedad privada |9 257919 | |
| 942 | |c BK |2 ddc |n 0 | ||
| 945 | |d 20151016 11:49:00 |a dcastane | ||
| 952 | |0 0 |1 0 |3 erb |4 0 |6 346_040000000000000_CAN_1992 |7 0 |8 A |9 471231 |a BIBDER |b BIBDER |i 5242886 |l 2 |o 346.04 CAN 1992 |p 5242886 |r 2023-01-25 |s 2021-10-11 |w 2019-11-24 |y BK |z Catalogado en:20151016 |k DER | ||